Legislación de obra pública correlacionada : su glosa y legislaciones relacionadas /

Αποθηκεύτηκε σε:
Λεπτομέρειες βιβλιογραφικής εγγραφής
Κύριος συγγραφέας: Cabral Villaseñor, Susana (autor)
Άλλοι συγγραφείς: Varela Alonso, Leopoldo (autor) (autor)
Μορφή: Βιβλίο
Γλώσσα:Ισπανικά
Έκδοση: México : Bimsa CMDG, 2001, c2001
Έκδοση:9a edición
Θέματα:
Ετικέτες: Προσθήκη ετικέτας
Δεν υπάρχουν, Καταχωρήστε ετικέτα πρώτοι!

MARC

LEADER 00000nam^a2200000^a^4500
001 000151011
005 20250521000000.0
009 20260310100156.987
037 |a Acervo ITESO - Biblioteca 
041 |a ESP 
082 |a 344. 7206  |b CAB 
100 |a Cabral Villaseñor, Susana  |e (autor) 
245 1 0 |a Legislación de obra pública correlacionada :  |b su glosa y legislaciones relacionadas /  |c S. Cabral Villaseñor, L. Varela Alonso. 
246 2 |a Título en la cubierta : Costos. Legislación de obra pública 
250 |a 9a edición 
264 4 |a México :  |b Bimsa CMDG,  |c 2001, c2001 
300 |a 532 p. 
336 |a texto  |b txt  |2 rdacontenido 
337 |a sin mediación  |b n  |2 rdamedio 
338 |a volumen  |b nc  |2 rdasoporte 
649 |a XX 
650 |a Obras Públicas -  |z México -  |x Leyes y Reglamentos 
650 |a Servicios Públicos -  |z México -  |x Leyes y Reglamentos 
650 |a Administración Pública -  |z México 
650 |a Derecho Constitucional -  |z México 
650 |a Derecho Federal -  |z México 
650 |a Derecho Público -  |z México 
650 |a Derecho -  |z México 
700 |a Varela Alonso, Leopoldo  |e (autor) 
910 |a Fondo General 
920 |a Impresos - Libros 
930 |a Colección General 
905 |a 101 
901 |a 0500080281  |b IT1  |c ACC  |u 20250521 
902 |a https://opac.biblio.iteso.mx/vufind/Record/000151011